| 000 | 00455nam a2200109Ia 4500 | ||
|---|---|---|---|
| 008 | 220204s9999 xx 000 0 und d | ||
| 082 |
_a631.4:633.91(548.3) _bRES;1 |
||
| 245 | 0 | _aResource soil survey and mapping of rubber growing soils of Kerala and Tamil Nadu on 1:50,000 scale: Consultancy Project for rubber research Institute of India, Rubber Board, Kottayam | |
| 260 |
_aNagpur _bNBSS and Land Use _c1999 |
||
| 650 | _aRubber growing soils | ||
| 942 | _cBK | ||
| 999 |
_c43887 _d43887 |
||